000 00406nam a22001697a 4500
003 MPLRDC
005 20220104144339.0
008 210129b ||||| |||| 00| 0 eng d
082 _a857.45 LDH v.2
100 _a林汉达编写
245 _a东周列国故事新编
_c
250 _a再版
260 _a
_b中华书局
_c1979
300 _b
650 _a历史小说
942 _cBK
_o857.45 LDH v.2
999 _c48739
_d48729